Most Streamed Kanye Song on Each Album - Statistics

General Stats
  • This quiz has been taken 7 times
  • The average score is 12 of 16
Answer Stats
Album Number of Streams Answer % Correct
Yeezus 1,354,800,000 Bound 2
100%
Bully 56,935,000 Father
100%
Late Registration 1,512,400,000 Gold Digger
100%
808s and Heartbreak 1,990,500,000 Heartless
100%
My Beautiful Dark Twisted Fantasy 1,179,300,000 Power
100%
Graduation 1,798,800,000 Stronger
100%
The College Dropout 1,080,600,000 All Falls Down
86%
Vultures 1 901,260,000 Carnival
86%
The Life of Pablo 1,477,600,000 Father Stretch My Hands Pt 1
71%
Jesus Is King 530,671,000 Follow God
71%
Watch the Throne 1,820,400,000 In Paris
71%
Ye 942,719,000 Violent Crimes
71%
Kids See Ghosts 354,394,000 Reborn
57%
Vultures 2 229,372,000 Field Trip
43%
Donda 566,833,000 Praise God
43%
Donda 2 21,255,000 True Love
43%
No matching quizzes found
Score Distribution
Percent of People with Each Score
Percentile by Number Answered
Your Score History
You have not taken this quiz